000
00214 a2200097 4500
020
_a
9789914985498
041
_a
eng
100
_a
elphinstone Dayrell
245
_a
Why the sunand the moon live inthe sky
942
_c
K
999
_c
30673
_d
30671